[Event "5th Ordu Open 2019"]
[Site "Ordu"]
[Date "2019.04.30"]
[Round "3.8"]
[White "Klekowski, Maciej"]
[Black "Ozsakallioglu, Okan"]
[Result "1-0"]
[WhiteElo "2506"]
[BlackElo "2125"]
[Annotator "TA"]
[PlyCount "105"]
[EventDate "2019.04.29"]
[EventType "swiss"]
[EventCountry "TUR"]
[SourceTitle "playchess.com"]
[Source "ChessBase"]
[SourceQuality "1"]

{[%evp 18,105,35,20,51,42,39,36,37,31,31,17,30,21,14,0,0,0,29,4,53,62,68,45,97,65,121,108,114,109,112,107,103,83,137,140,146,152,151,135,143,84,91,90,122,122,129,116,127,86,94,75,138,119,241,157,156,75,92,97,108,108,171,89,170,168,175,147,147,147,161,161,143,154,145,135,145,145,145,145,145,145,145,145,191,189,183,127,378,378]} 1. c4 Nf6 2. Nf3 g6 3. d4 Bg7 4. Nc3 d6 5. g3 O-O 6. Bg2 c6 7. O-O Qa5 8. e4 e5 9. d5 cxd5 10. cxd5 Bd7 {E62: King's Indian: Fianchetto: 6...c6 and Panno Variation (6...Nc6) without ...a6} (10... b5 11. Re1 b4 12. Nb1 Nbd7 13. Nbd2 Qc7 14. a3 Nc5 15. axb4 Nd3 16. Re2 Bd7 17. b3 Nxb4 18. Nc4 Bb5 19. Ba3 {1-0 (69) Zoler,D (2527)-Jones,G (2655) Benasque 2012}) 11. Nd2 Rc8 12. Nb3 Qd8 {White is slightly better.} 13. a4 $146 ({Predecessor:} 13. h3 b5 14. a3 a5 15. Be3 Na6 16. Qe2 Rcb8 17. Rfb1 Ne8 18. Nd2 {½-½ (27) Bucek,E (1995)-Kukucka,M (2132) Topolcany 2017}) 13... Na6 14. h3 Qf8 15. Bg5 b6 16. Nd2 Ne8 17. Be3 Bh6 18. f4 Nac7 19. Qe2 Qe7 20. Nf3 f6 (20... Rab8 $14) 21. Kh1 Bg7 (21... exf4 $14 22. gxf4 Ng7) 22. g4 Rab8 23. f5 b5 24. axb5 Nxb5 25. Rfc1 gxf5 ({Black should try} 25... Qd8) 26. gxf5 $16 a6 27. Bf1 Qf7 28. Qd2 (28. Rxa6 $6 Nxc3 29. Rxc3 Rxc3 $14) 28... Qh5 29. Nxb5 ({Better is} 29. Qg2) 29... Bxb5 30. Bg2 Kf8 31. Ng1 Qf7 32. Bf3 Qb7 33. b3 Bd7 34. Bd1 Nc7 (34... Rxc1 $142 35. Rxc1 (35. Qxc1 Qb4 $14) 35... Qb4) 35. Nf3 Nb5 (35... Ne8 $16 36. Rxc8 Rxc8) 36. Rc4 Be8 {[#]} 37. Qa5 ({White should play} 37. Be2 $1) 37... Ra8 38. Nd2 Nd4 39. Qa3 Qe7 (39... Rd8 $16 {was called for.} 40. Rac1 (40. Bxd4 exd4 41. Nf3 Bb5 $16) 40... a5) 40. Rac1 ({Much less strong is} 40. Bxd4 $6 exd4 41. Bf3 (41. Rxd4 Qe5 $11) 41... Bh6 $11) (40. Rxc8 $18 Rxc8 41. Nc4 (41. Qxa6 Rb8 $18)) 40... Bd7 {[#]} (40... Rcb8 $16 {might work better.}) 41. Rxc8+ $1 $18 Rxc8 42. Rxc8+ Bxc8 43. Nc4 Nb5 44. Qa5 Kg8 45. Qb6 Bf8 46. Kg2 Nc3 47. Bf3 Nb5 48. Kf2 Nd4 49. Bxd4 exd4 50. Qxd4 Bh6 51. Qb6 {And now Qb8 would win.} Bf4 52. Qb8 (52. Bg4 $18) 52... Qf8 $2 {[%mdl 8192]} (52... Qb7 $16 {was worth a try.} 53. Qxb7 Bxb7) 53. Nb6 {Accuracy: White = 64%, Black = 43%.} 1-0

[Event "5th Ordu Open 2019"]
[Site "Ordu"]
[Date "2019.04.30"]
[Round "3.9"]
[White "Gunduz, Umut Erdem"]
[Black "Neverov, Valeriy"]
[Result "1/2-1/2"]
[WhiteElo "2216"]
[BlackElo "2495"]
[Annotator "TA"]
[PlyCount "119"]
[EventDate "2019.04.29"]
[EventType "swiss"]
[EventCountry "TUR"]
[SourceTitle "playchess.com"]
[Source "ChessBase"]
[SourceQuality "1"]

{[%evp 24,119,33,33,62,36,27,23,32,20,10,0,23,0,8,-53,-25,-18,-27,-20,0,-20,-16,-27,-13,-45,-45,-82,-62,-70,-71,-64,-70,-137,-65,-51,-53,-73,-34,-37,-39,-37,-43,-75,0,0,3,6,4,6,3,8,8,8,12,12,13,13,23,23,85,85,85,39,59,39,39,39,39,39,39,39,39,39,39,39,39,8,8,0,47,0,8,8,8,0,0,0,0,0,0,0,0,0,0,0,0,-8]} 1. e4 c5 2. Nf3 d6 3. d4 cxd4 4. Nxd4 Nf6 5. Nc3 Nc6 6. Bg5 e6 7. Qd2 a6 8. O-O-O Bd7 9. f4 b5 10. Bxf6 gxf6 11. Kb1 Qb6 12. Nxc6 Bxc6 13. f5 O-O-O {B67: Sicilian: Richter-Rauzer: 7...a6 8 0-0-0 Bd7, lines without 9 f4 Be7} (13... b4 14. Ne2 e5 15. Ng3 h5 16. Bc4 h4 17. Nf1 Bxe4 18. Qe2 Bxf5 19. Ne3 Be6 20. Qf3 Rc8 21. Bxe6 fxe6 22. Qxf6 {1-0 (38) Quesada Perez,Y (2612)-Motylev,A (2661) Saint Louis 2018}) 14. fxe6 fxe6 15. Qf4 Be7 {White has an edge.} 16. Qg4 Bd7 $1 17. Qg7 Rde8 $1 18. g3 Qc5 19. Bh3 (19. Qh6 $11) 19... Qh5 $146 ({Predecessor:} 19... Qe5 20. Rhe1 Bd8 21. Rd3 {1-0 (36) Doberitz,P (2113)-Schmidt,J (1980) Dresden 2008}) 20. Qg4 Qxg4 $1 21. Bxg4 Rhg8 22. Bh3 Rg5 23. Rd4 Re5 24. Bg4 Kc7 25. b4 Rg8 26. Be2 f5 27. Rf1 Rf8 28. a4 ({Better is} 28. Bd3 $15) 28... fxe4 ({Black should play} 28... bxa4 $17 {Threatens to win with ...fxe4.} 29. Bxa6 fxe4 30. Rxf8 Bxf8 31. Rxe4 Rxe4 32. Nxe4 Be7) 29. Rxf8 $15 Bxf8 30. axb5 axb5 31. Rxe4 Rxe4 32. Nxe4 $17 {[%mdl 4096] Endgame KBB-KBN} Be7 33. Nc3 Kb6 (33... d5 $17 34. Bxb5 Bxb5 35. Nxb5+ Kb6) 34. Bg4 $11 Bd8 35. Nd5+ Kc6 36. Nf4 e5 37. Bf3+ Kc7 38. Nd5+ Kb8 39. Be4 Bc6 40. Kc1 Bg5+ 41. Kd1 Be3 {[#]} (41... h6 $11 {keeps the balance.}) 42. Ke2 $1 $16 {[%cal Re2e3]} Bc1 43. Kd3 h6 44. h4 Bd7 45. c3 {Hoping for Kc2.} Be6 $1 46. Kc2 Bxd5 $1 47. Bxd5 $14 {KB-KB} Be3 48. g4 Kc7 49. Kd3 Bf4 50. Ke4 Bd2 $1 51. Kd3 Bf4 52. Ke4 Bd2 $1 {The position is equal.} 53. Kf5 Bxc3 54. g5 hxg5 55. hxg5 e4 56. Bxe4 Bxb4 57. Ke6 Bc3 58. Kd5 Be5 59. Bd3 Kb6 60. Bxb5 {Accuracy: White = 51%, Black = 67%.} 1/2-1/2

[Event "5th Ordu Open 2019"]
[Site "Ordu"]
[Date "2019.04.30"]
[Round "3.10"]
[White "Mazur, Stefan"]
[Black "Zahedifar, Anahita"]
[Result "1-0"]
[WhiteElo "2435"]
[BlackElo "2185"]
[Annotator "NA"]
[PlyCount "45"]
[EventDate "2019.04.29"]
[EventType "swiss"]
[EventCountry "TUR"]
[SourceTitle "playchess.com"]
[Source "ChessBase"]
[SourceQuality "1"]
[TimeControl "5400+30"]

1. e4 {[%emt 0:02:30]} c6 {[%emt 0:01:30]} 2. d4 {[%emt 0:00:30]} d5 {[%emt 0:00:30]} 3. Nd2 {[%emt 0:00:00]} dxe4 {[%emt 0:00:00]} 4. Nxe4 {[%emt 0:00:00]} Bf5 {[%emt 0:00:00]} 5. Ng3 {[%emt 0:00:30]} Bg6 {[%emt 0:00:30]} 6. h4 {[%emt 0:00:00]} h6 {[%emt 0:00:00]} 7. Nf3 {[%emt 0:00:00]} e6 {[%emt 0:00:00]} 8. Ne5 {[%emt 0:00:30]} Bh7 {[%emt 0:00:00]} 9. Bd3 {[%emt 0:00:30]} Bxd3 {[%emt 0:00:00]} 10. Qxd3 {[%emt 0:00:30]} Nd7 {[%emt 0:00:00]} 11. f4 {[%emt 0:00:30]} Be7 {[%emt 0:00:00]} 12. Bd2 {[%emt 0:00:00]} Ngf6 {[%emt 0:03:30]} 13. O-O-O {[%emt 0:00:00]} c5 {[%emt 0:08:30]} 14. d5 {[%emt 0:05:30]} Nxd5 {[%emt 0:10:30]} 15. Nh5 {[%emt 0:00:30]} Bf6 {[%emt 0:08:30]} 16. c4 {[%emt 0:17:30]} N5b6 {[%emt 0:14:30]} ({Not} 16... Bxe5 $2 17. fxe5 Nxe5 18. Qe4 $18) 17. Qg3 {[%emt 0:01:30]} Bxe5 $2 {[%emt 0:06:30]} (17... Qe7 $16) 18. fxe5 {[%emt 0:00:00]} Qc7 $18 {[%emt 0:03:30]} (18... Qe7) 19. Nxg7+ {[%emt 0:02:00]} Kd8 {[%emt 0:00:30]} 20. Rhf1 {[%emt 0:06:30]} Kc8 {[%emt 0:04:30]} 21. Bc3 {[%emt 0:03:30]} Rf8 {[%emt 0:03:30]} 22. Rxf7 {[%emt 0:01:30]} Rxf7 {[%emt 0:01:30]} 23. Nxe6 {[%emt 0:00:30]} 1-0

[Event "5th Ordu Open 2019"]
[Site "Ordu"]
[Date "2019.04.30"]
[Round "3.11"]
[White "Dogan, Nazmi Can"]
[Black "Kamer, Kayra"]
[Result "1-0"]
[WhiteElo "2214"]
[BlackElo "2379"]
[Annotator "NA"]
[PlyCount "83"]
[EventDate "2019.04.29"]
[EventType "swiss"]
[EventCountry "TUR"]
[SourceTitle "playchess.com"]
[Source "ChessBase"]
[SourceQuality "1"]
[TimeControl "5400+30"]

1. e4 {[%emt 0:00:30]} c5 {[%emt 0:01:30]} 2. Nf3 {[%emt 0:00:30]} e6 {[%emt 0:00:30]} 3. d4 {[%emt 0:00:30]} cxd4 {[%emt 0:00:30]} 4. Nxd4 {[%emt 0:00:00]} a6 {[%emt 0:00:00]} 5. Bd3 {[%emt 0:01:00]} Nf6 {[%emt 0:00:00]} 6. O-O {[%emt 0:01:30]} e5 {[%emt 0:00:00]} 7. Nb3 {[%emt 0:02:30]} Nc6 {[%emt 0:01:00]} 8. c4 {[%emt 0:06:30]} d6 {[%emt 0:01:30]} 9. Nc3 {[%emt 0:00:30]} Be6 {[%emt 0:01:30]} 10. Be3 $14 {[%emt 0:02:30]} Ng4 {[%emt 0:02:30]} 11. Bd2 {[%emt 0:05:30]} a5 {[%emt 0:06:30]} 12. Nd5 {[%emt 0:11:30]} a4 {[%emt 0:03:30]} 13. Nc1 {[%emt 0:00:00]} h5 {[%emt 0:04:30]} 14. Ne2 {[%emt 0:02:00]} Be7 {[%emt 0:18:30]} 15. a3 {[%emt 0:12:30]} Nd4 {[%emt 0:04:30]} 16. h3 {[%emt 0:15:30]} Nxe2+ {[%emt 0:04:30]} 17. Bxe2 {[%emt 0:01:30]} Nf6 {[%emt 0:00:30]} 18. Nxf6+ {[%emt 0:01:30]} gxf6 {[%emt 0:05:30]} 19. Bxh5 {[%emt 0:02:30]} Bxc4 {[%emt 0:00:30]} 20. Be2 {[%emt 0:00:30]} Bb3 {[%emt 0:01:30]} 21. Bb5+ {[%emt 0:01:30]} Kf8 {[%emt 0:00:30]} 22. Qe2 {[%emt 0:03:30]} d5 {[%emt 0:00:30]} 23. exd5 {[%emt 0:01:30]} Qxd5 {[%emt 0:00:00]} 24. Rac1 {[%emt 0:01:30]} Rd8 {[%emt 0:05:00]} 25. Be3 {[%emt 0:01:30]} f5 {[%emt 0:00:00]} 26. f3 {[%emt 0:11:09]} Rh4 {[%emt 0:03:00]} 27. Bf2 {[%emt 0:01:27]} Rh6 {[%emt 0:00:00]} 28. Rfe1 {[%emt 0:01:10]} Re6 {[%emt 0:02:00]} 29. Bc4 {[%emt 0:02:16]} Bxc4 {[%emt 0:00:00]} 30. Rxc4 {[%emt 0:00:49]} b5 {[%emt 0:03:00]} 31. Rcc1 {[%emt 0:00:30]} e4 {[%emt 0:00:00]} 32. fxe4 {[%emt 0:02:19]} fxe4 {[%emt 0:00:00]} 33. Red1 {[%emt 0:00:31]} Qf5 {[%emt 0:15:56]} 34. Rxd8+ {[%emt 0:03:42]} Bxd8 {[%emt 0:00:30]} 35. Rc5 {[%emt 0:00:23]} Re5 {[%emt 0:11:17]} 36. Qd2 {[%emt 0:00:51]} Be7 {[%emt 0:03:52]} 37. Qh6+ {[%emt 0:00:40]} Kg8 {[%emt 0:00:04]} 38. Rc3 {[%emt 0:00:36]} Bg5 {[%emt 0:01:10]} 39. Rg3 {[%emt 0:00:30]} Qg6 {[%emt 0:00:30]} 40. h4 {[%emt 0:00:30]} Bc1 {[%emt 0:00:30]} 41. Bd4 {[%emt 0:00:30]} Rd5 {[%emt 0:00:30]} 42. Rxg6+ {[%emt 0:02:41]} 1-0

[Event "5th Ordu Open 2019"]
[Site "Ordu"]
[Date "2019.04.30"]
[Round "3.12"]
[White "Sevgi, Volkan"]
[Black "Acar, Utku Cengiz"]
[Result "1/2-1/2"]
[WhiteElo "2309"]
[BlackElo "2086"]
[Annotator "NA"]
[PlyCount "61"]
[EventDate "2019.04.29"]
[EventType "swiss"]
[EventCountry "TUR"]
[SourceTitle "playchess.com"]
[Source "ChessBase"]
[SourceQuality "1"]
[TimeControl "5400+30"]

1. e4 {[%emt 0:02:30]} c5 {[%emt 0:01:30]} 2. Nc3 {[%emt 0:00:00]} Nc6 {[%emt 0:02:30]} 3. g3 {[%emt 0:00:00]} g6 {[%emt 0:00:30]} 4. Bg2 {[%emt 0:00:30]} Bg7 {[%emt 0:00:30]} 5. d3 {[%emt 0:00:00]} d6 {[%emt 0:02:30]} 6. Be3 {[%emt 0:00:00]} Nf6 {[%emt 0:01:30]} 7. h3 {[%emt 0:00:00]} Rb8 {[%emt 0:00:30]} 8. f4 {[%emt 0:01:00]} O-O {[%emt 0:05:30]} 9. Nge2 {[%emt 0:00:00]} Nd7 {[%emt 0:06:30]} 10. O-O {[%emt 0:00:00]} b5 {[%emt 0:02:30]} 11. Qd2 {[%emt 0:00:30]} b4 {[%emt 0:01:30]} 12. Nd1 $11 {[%emt 0:00:00]} a5 {[%emt 0:01:30]} 13. f5 {[%emt 0:03:00]} Nce5 {[%emt 0:06:30]} 14. Bh6 {[%emt 0:02:30]} c4 {[%emt 0:11:30]} 15. Bxg7 {[%emt 0:01:30]} Kxg7 {[%emt 0:00:00]} 16. d4 {[%emt 0:01:30]} c3 {[%emt 0:01:00]} 17. bxc3 {[%emt 0:00:30]} Nc4 {[%emt 0:00:00]} 18. Qg5 {[%emt 0:12:30]} f6 {[%emt 0:10:00]} 19. Qc1 {[%emt 0:00:30]} g5 {[%emt 0:01:30]} 20. h4 {[%emt 0:10:30]} h6 {[%emt 0:00:30]} 21. g4 {[%emt 0:01:30]} Qb6 {[%emt 0:03:30]} 22. cxb4 {[%emt 0:17:30]} axb4 {[%emt 0:04:30]} 23. c3 {[%emt 0:13:30]} Ba6 {[%emt 0:08:30]} 24. Rb1 {[%emt 0:12:36]} Qa5 {[%emt 0:08:29]} 25. cxb4 {[%emt 0:03:25]} Rxb4 {[%emt 0:00:17]} 26. Rxb4 {[%emt 0:00:34]} Qxb4 {[%emt 0:00:02]} 27. Ndc3 {[%emt 0:00:51]} Ndb6 {[%emt 0:01:28]} 28. Rf3 {[%emt 0:13:33]} Rc8 {[%emt 0:01:19]} 29. Qb1 {[%emt 0:01:30]} Qa5 {[%emt 0:01:21]} 30. Qe1 {[%emt 0:00:23]} Nb2 {[%emt 0:02:39]} 31. Qg3 {[%emt 0:01:40]} 1/2-1/2

[Event "5th Ordu Open 2019"]
[Site "Ordu"]
[Date "2019.04.30"]
[Round "3.13"]
[White "Aytekin, Murat Eren"]
[Black "Kilic, Efe Mert"]
[Result "0-1"]
[WhiteElo "2134"]
[BlackElo "2248"]
[Annotator "NA"]
[PlyCount "72"]
[EventDate "2019.04.29"]
[EventType "swiss"]
[EventCountry "TUR"]
[SourceTitle "playchess.com"]
[Source "ChessBase"]
[SourceQuality "1"]
[TimeControl "5400+30"]

1. d4 {[%emt 0:00:30]} Nf6 {[%emt 0:02:30]} 2. c4 {[%emt 0:00:00]} g6 {[%emt 0:00:00]} 3. Nc3 {[%emt 0:01:00]} Bg7 {[%emt 0:02:00]} 4. Nf3 {[%emt 0:01:30]} O-O {[%emt 0:00:00]} 5. g3 {[%emt 0:01:30]} d5 {[%emt 0:02:00]} 6. cxd5 {[%emt 0:07:30]} Nxd5 {[%emt 0:00:30]} 7. Bg2 {[%emt 0:02:30]} c5 $11 {[%emt 0:06:30]} 8. O-O {[%emt 0:14:30]} cxd4 {[%emt 0:06:30]} 9. Nxd5 {[%emt 0:07:30]} Qxd5 {[%emt 0:00:30]} 10. Be3 {[%emt 0:02:30]} d3 {[%emt 0:22:30]} 11. Ne1 {[%emt 0:05:30]} Qb5 {[%emt 0:11:30]} 12. Nxd3 {[%emt 0:02:30]} Nc6 {[%emt 0:00:30]} 13. Rc1 {[%emt 0:06:30]} Rd8 {[%emt 0:21:58]} 14. a4 {[%emt 0:06:30]} Qh5 {[%emt 0:01:55]} 15. Qe1 {[%emt 0:08:30]} Nd4 {[%emt 0:08:10]} 16. Bxd4 {[%emt 0:06:30]} Rxd4 {[%emt 0:02:17]} 17. Rc7 {[%emt 0:07:54]} Bf6 {[%emt 0:00:48]} 18. a5 {[%emt 0:01:15]} Qb5 {[%emt 0:01:18]} 19. b4 {[%emt 0:03:57]} Rb8 {[%emt 0:00:41]} 20. Qc1 {[%emt 0:06:03]} Bf5 {[%emt 0:03:03]} 21. Qc5 {[%emt 0:01:47]} Qxc5 {[%emt 0:01:05]} 22. Nxc5 {[%emt 0:00:44]} Rxb4 {[%emt 0:00:54]} 23. Nxb7 {[%emt 0:00:50]} Ra4 {[%emt 0:02:22]} 24. Rd1 {[%emt 0:01:12]} Ra2 {[%emt 0:00:42]} 25. e4 {[%emt 0:01:19]} Bg4 {[%emt 0:00:30]} 26. f3 {[%emt 0:00:00]} Be6 {[%emt 0:00:13]} 27. f4 {[%emt 0:01:09]} Bg4 {[%emt 0:00:12]} 28. Rdc1 {[%emt 0:02:00]} Bb2 {[%emt 0:00:59]} 29. Re1 {[%emt 0:00:45]} e5 {[%emt 0:00:47]} 30. h3 {[%emt 0:00:23]} Be6 {[%emt 0:01:15]} 31. Kh1 {[%emt 0:00:20]} Bd4 {[%emt 0:00:00]} 32. Rf1 {[%emt 0:00:34]} Bc8 {[%emt 0:00:37]} 33. Nd6 {[%emt 0:00:51]} Ba6 {[%emt 0:00:30]} 34. Rfc1 {[%emt 0:00:30]} Rbb2 {[%emt 0:00:30]} 35. Nxf7 {[%emt 0:00:30]} Rxg2 {[%emt 0:00:30]} 36. Nh6+ {[%emt 0:00:30]} Kf8 {[%emt 0:00:17]} 0-1

[Event "5th Ordu Open 2019"]
[Site "Ordu"]
[Date "2019.04.30"]
[Round "3.14"]
[White "Rzayev, Askar Aliakbar"]
[Black "Isik, Alparslan"]
[Result "0-1"]
[WhiteElo "2085"]
[BlackElo "2233"]
[Annotator "NA"]
[PlyCount "162"]
[EventDate "2019.04.29"]
[EventType "swiss"]
[EventCountry "TUR"]
[SourceTitle "playchess.com"]
[Source "ChessBase"]
[SourceQuality "1"]
[TimeControl "5400+30"]

1. d4 {[%emt 0:06:30]} Nf6 {[%emt 0:00:30]} 2. Nf3 {[%emt 0:00:30]} g6 {[%emt 0:00:30]} 3. b3 {[%emt 0:00:30]} Bg7 {[%emt 0:00:30]} 4. Bb2 {[%emt 0:00:00]} d5 {[%emt 0:00:30]} 5. e3 {[%emt 0:00:00]} O-O {[%emt 0:00:30]} 6. Be2 {[%emt 0:00:30]} c5 {[%emt 0:00:30]} 7. O-O {[%emt 0:00:30]} cxd4 {[%emt 0:00:30]} 8. Nxd4 {[%emt 0:03:30]} e5 {[%emt 0:08:30]} 9. Nf3 {[%emt 0:01:30]} e4 {[%emt 0:00:30]} 10. Nd4 {[%emt 0:00:30]} Nbd7 {[%emt 0:01:30]} 11. Nd2 $11 {[%emt 0:01:30]} Ne5 {[%emt 0:01:30]} 12. h3 {[%emt 0:01:30]} b6 {[%emt 0:07:30]} 13. c4 {[%emt 0:05:30]} Re8 {[%emt 0:05:30]} 14. cxd5 {[%emt 0:16:30]} Qxd5 {[%emt 0:02:30]} 15. Nc4 {[%emt 0:01:30]} Nd3 {[%emt 0:09:30]} 16. Bxd3 {[%emt 0:03:30]} exd3 {[%emt 0:00:30]} 17. Qxd3 {[%emt 0:00:30]} Bb7 {[%emt 0:01:30]} 18. f3 {[%emt 0:00:30]} Rad8 {[%emt 0:05:30]} 19. Rfd1 {[%emt 0:06:30]} Qg5 {[%emt 0:02:30]} 20. e4 {[%emt 0:11:30]} Nxe4 {[%emt 0:03:30]} 21. Qe3 {[%emt 0:23:24]} Qxe3+ {[%emt 0:22:30]} 22. Nxe3 {[%emt 0:00:06]} Nd6 {[%emt 0:00:30]} 23. Kf2 {[%emt 0:01:00]} Rd7 {[%emt 0:03:30]} 24. Rab1 {[%emt 0:02:30]} Rde7 {[%emt 0:03:07]} 25. Ndc2 {[%emt 0:00:24]} Nb5 {[%emt 0:04:14]} 26. Bxg7 {[%emt 0:00:44]} Kxg7 {[%emt 0:00:30]} 27. Rd3 {[%emt 0:00:30]} Nc7 {[%emt 0:00:30]} 28. Rbd1 {[%emt 0:00:33]} Bc8 {[%emt 0:03:26]} 29. Rd8 {[%emt 0:02:04]} Ne6 {[%emt 0:03:29]} 30. Rxe8 {[%emt 0:00:37]} Rxe8 {[%emt 0:00:30]} 31. Nd4 {[%emt 0:00:30]} Nxd4 {[%emt 0:00:00]} 32. Rxd4 {[%emt 0:00:00]} Be6 {[%emt 0:00:00]} 33. Rd2 {[%emt 0:01:48]} Rc8 {[%emt 0:00:38]} 34. Rc2 {[%emt 0:00:36]} Kf6 {[%emt 0:01:51]} 35. Rxc8 {[%emt 0:00:35]} Bxc8 {[%emt 0:00:00]} 36. f4 {[%emt 0:00:32]} Ke6 {[%emt 0:03:20]} 37. Ke2 {[%emt 0:01:04]} h6 {[%emt 0:02:02]} 38. h4 {[%emt 0:00:30]} Ba6+ 39. Kd2 {[%emt 0:00:07]} f6 {[%emt 0:01:16]} 40. Kc3 {[%emt 0:00:29]} Be2 {[%emt 0:01:20]} 41. Kd4 {[%emt 0:00:46]} Kd6 {[%emt 0:00:21]} 42. g3 {[%emt 0:01:24]} Bf3 {[%emt 0:00:37]} 43. b4 {[%emt 0:00:30]} Kc6 {[%emt 0:00:30]} 44. Kc3 {[%emt 0:00:30]} Kb5 {[%emt 0:00:30]} 45. Kb3 {[%emt 0:00:30]} Be2 {[%emt 0:00:30]} 46. a3 {[%emt 0:00:30]} a5 {[%emt 0:00:30]} 47. bxa5 {[%emt 0:00:30]} bxa5 {[%emt 0:00:30]} 48. Kc3 {[%emt 0:00:30]} Kc5 {[%emt 0:00:30]} 49. Kd2 {[%emt 0:00:30]} Bf3 {[%emt 0:00:30]} 50. Kc3 {[%emt 0:03:15]} Be2 {[%emt 0:02:26]} 51. Kd2 {[%emt 0:00:49]} Bf3 {[%emt 0:00:30]} 52. Kc3 {[%emt 0:00:00]} h5 {[%emt 0:00:32]} 53. Nc4 {[%emt 0:01:46]} Kd5 {[%emt 0:00:14]} 54. Nxa5 {[%emt 0:02:37]} Ke4 {[%emt 0:00:30]} 55. Nc4 {[%emt 0:00:30]} Bg2 {[%emt 0:00:36]} 56. Kd2 {[%emt 0:01:07]} Kf3 {[%emt 0:00:05]} 57. f5 {[%emt 0:00:57]} gxf5 {[%emt 0:00:30]} 58. Nd6 {[%emt 0:00:30]} Kg4 {[%emt 0:00:30]} 59. Ke3 {[%emt 0:00:30]} Kxg3 {[%emt 0:00:30]} 60. Nxf5+ {[%emt 0:00:30]} Kg4 {[%emt 0:00:30]} 61. Nd4 {[%emt 0:00:30]} f5 {[%emt 0:00:30]} 62. Ne2 {[%emt 0:00:30]} Bc6 {[%emt 0:00:42]} 63. Nd4 {[%emt 0:00:17]} f4+ {[%emt 0:00:49]} 64. Kf2 {[%emt 0:00:08]} Bb7 {[%emt 0:00:18]} 65. Ne2 {[%emt 0:00:50]} Bc6 {[%emt 0:00:04]} 66. Nd4 {[%emt 0:00:16]} Bd7 {[%emt 0:00:21]} 67. Ne2 {[%emt 0:00:09]} Be8 {[%emt 0:00:27]} 68. Ng1 {[%emt 0:00:40]} Bb5 {[%emt 0:01:14]} 69. Nf3 {[%emt 0:00:19]} Ba4 {[%emt 0:00:47]} 70. Nd4 {[%emt 0:00:16]} Bd7 {[%emt 0:01:03]} 71. Nf3 {[%emt 0:00:30]} Be8 {[%emt 0:00:00]} 72. Nd4 {[%emt 0:00:00]} Bf7 {[%emt 0:00:26]} 73. Ne2 {[%emt 0:00:45]} Bb3 {[%emt 0:00:15]} 74. Nd4 {[%emt 0:00:28]} Bc4 {[%emt 0:00:39]} 75. Ne2 {[%emt 0:00:34]} Ba6 {[%emt 0:00:47]} 76. a4 {[%emt 0:00:09]} Bc8 {[%emt 0:01:06]} 77. a5 {[%emt 0:00:12]} Bb7 {[%emt 0:00:00]} 78. Ng1 {[%emt 0:02:28]} f3 {[%emt 0:00:41]} 79. a6 {[%emt 0:00:36]} Ba8 {[%emt 0:00:01]} 80. a7 {[%emt 0:00:33]} Bb7 {[%emt 0:00:05]} 81. Kf1 {[%emt 0:00:33]} Kg3 {[%emt 0:00:24]} 0-1

[Event "5th Ordu Open 2019"]
[Site "Ordu"]
[Date "2019.04.30"]
[Round "3.15"]
[White "Kizilkus, Akin"]
[Black "Hamidi, Amir Mohammad"]
[Result "1/2-1/2"]
[WhiteElo "2018"]
[BlackElo "2217"]
[Annotator "NA"]
[PlyCount "114"]
[EventDate "2019.04.29"]
[EventType "swiss"]
[EventCountry "TUR"]
[SourceTitle "playchess.com"]
[Source "ChessBase"]
[SourceQuality "1"]
[TimeControl "5400+30"]

1. d4 {[%emt 0:00:30]} Nf6 {[%emt 0:03:30]} 2. c4 {[%emt 0:00:30]} e6 {[%emt 0:00:30]} 3. Nc3 {[%emt 0:00:30]} Bb4 {[%emt 0:00:30]} 4. e3 {[%emt 0:00:00]} O-O {[%emt 0:00:00]} 5. Nge2 {[%emt 0:00:00]} d5 {[%emt 0:00:00]} 6. a3 {[%emt 0:00:00]} Be7 {[%emt 0:00:30]} 7. cxd5 {[%emt 0:00:00]} exd5 {[%emt 0:00:00]} 8. Nf4 {[%emt 0:00:00]} a5 {[%emt 0:00:00]} 9. Bd3 {[%emt 0:00:00]} b6 {[%emt 0:02:30]} 10. O-O {[%emt 0:01:30]} Bb7 {[%emt 0:00:00]} 11. f3 $11 {[%emt 0:10:30]} c5 {[%emt 0:02:00]} 12. Bc2 {[%emt 0:11:30]} Bd6 {[%emt 0:10:30]} 13. Nd3 {[%emt 0:06:30]} Re8 {[%emt 0:02:30]} 14. Nb5 {[%emt 0:02:30]} Bf8 {[%emt 0:00:30]} 15. Ne5 {[%emt 0:04:30]} Nbd7 {[%emt 0:04:30]} 16. f4 {[%emt 0:05:30]} Ne4 {[%emt 0:08:30]} 17. Nc3 {[%emt 0:06:30]} Ndf6 {[%emt 0:06:30]} 18. Bd2 {[%emt 0:04:30]} cxd4 {[%emt 0:06:30]} 19. exd4 {[%emt 0:00:30]} Rc8 {[%emt 0:01:30]} 20. Rc1 {[%emt 0:06:30]} Nxc3 {[%emt 0:02:30]} 21. Bxc3 {[%emt 0:01:30]} Ne4 {[%emt 0:00:00]} 22. Be1 {[%emt 0:17:30]} f6 {[%emt 0:06:00]} 23. Ng4 {[%emt 0:02:38]} Qd7 {[%emt 0:06:30]} 24. Ne3 {[%emt 0:02:36]} f5 {[%emt 0:01:30]} 25. Bh4 {[%emt 0:02:43]} g6 {[%emt 0:01:30]} 26. g4 {[%emt 0:01:18]} Bg7 {[%emt 0:04:30]} 27. gxf5 {[%emt 0:00:43]} gxf5 {[%emt 0:00:00]} 28. Kh1 {[%emt 0:01:18]} Qf7 {[%emt 0:00:00]} 29. Rg1 {[%emt 0:00:53]} Kh8 {[%emt 0:00:30]} 30. Rg2 {[%emt 0:05:46]} Rg8 {[%emt 0:02:30]} 31. Qd3 {[%emt 0:01:30]} Bh6 {[%emt 0:01:30]} 32. Rf1 {[%emt 0:00:39]} Qh5 {[%emt 0:02:30]} 33. Bg5 {[%emt 0:01:05]} Bxg5 {[%emt 0:03:30]} 34. fxg5 {[%emt 0:00:30]} Rxg5 {[%emt 0:00:30]} 35. Rxg5 {[%emt 0:00:00]} Qxg5 {[%emt 0:00:00]} 36. Nxf5 {[%emt 0:02:02]} Rf8 {[%emt 0:00:00]} 37. Ng3 {[%emt 0:01:19]} Rf4 {[%emt 0:04:30]} 38. Rf3 {[%emt 0:01:41]} Qg4 {[%emt 0:06:14]} 39. Kg2 {[%emt 0:00:38]} h5 {[%emt 0:03:49]} 40. Rxf4 {[%emt 0:00:30]} Qxf4 {[%emt 0:00:31]} 41. Qf3 {[%emt 0:00:31]} Qd2+ {[%emt 0:00:46]} 42. Qe2 {[%emt 0:00:18]} h4 {[%emt 0:01:25]} 43. Qxd2 {[%emt 0:00:30]} Nxd2 {[%emt 0:00:30]} 44. Nf5 {[%emt 0:00:30]} Nc4 {[%emt 0:00:30]} 45. Bb3 {[%emt 0:00:30]} Nxb2 {[%emt 0:00:30]} 46. Nxh4 {[%emt 0:00:30]} a4 {[%emt 0:00:30]} 47. Ba2 {[%emt 0:00:30]} Nc4 {[%emt 0:00:30]} 48. Ng6+ {[%emt 0:00:30]} Kg7 {[%emt 0:00:30]} 49. Nf4 {[%emt 0:00:30]} Nxa3 {[%emt 0:00:30]} 50. Bxd5 {[%emt 0:00:30]} Bxd5+ {[%emt 0:00:30]} 51. Nxd5 {[%emt 0:00:30]} Nc4 {[%emt 0:00:30]} 52. Kf2 {[%emt 0:00:00]} b5 {[%emt 0:02:54]} 53. Ke2 {[%emt 0:00:25]} Nb6 {[%emt 0:01:07]} 54. Nb4 {[%emt 0:01:01]} a3 {[%emt 0:00:45]} 55. Kd2 {[%emt 0:00:11]} Nd5 {[%emt 0:00:30]} 56. Na2 {[%emt 0:00:00]} b4 {[%emt 0:00:42]} 57. Kc2 {[%emt 0:00:00]} Kf6 {[%emt 0:00:44]} 1/2-1/2